Lanean...

Library development plan : Thirty year programme for India with draft library bills for the union and the constituent states /

Xehetasun bibliografikoak
Egile nagusia: Ranganathan, S. R.
Hizkuntza:Undetermined
Argitaratua: 1950.
Saila:Delhi university publications,Library science series;2
Gaiak:
LEADER 00625nam a2200157Ia 4500
001 9081
008 170722s9999 xx 000 0 und d
100 |a Ranganathan, S. R. 
245 |a Library development plan :  |b Thirty year programme for India with draft library bills for the union and the constituent states / 
260 |c 1950. 
490 |a Delhi university publications,Library science series;2 
653 |a Library Science 
653 |a Organisation 
942 |c GEN 
999 |c 63230  |d 63230 
952 |0 0  |1 0  |4 0  |6 22_2_000000000000000_N5T5_J03_CR  |7 0  |9 89902  |a LIB  |b LIB  |d 2013-03-25  |o 2:2.2.N5t5 J0;3, CR  |p 99176  |r 2017-08-12  |w 2017-08-12  |y GEN